000 00646cab a2200229 4500
001 ABS60171
008 090401t1999 xxu||||| |||| 00| 0 eng d
035 _a(Sirsi) u99728
041 _aeng
100 _aIrvine, M.
245 _aLead role
260 _c1999
350 _a0
490 _aInside Housing
_v16(8) 26 February 1999, 19-20(2)
520 _aHighlights the role council housing departments can play in regeneration initiatives, due to their active community involvement.
650 _aCOUNCIL HOUSING
650 _aLOCAL AUTHORITIES
650 _aREGENERATION
690 _aHOUSING
942 _n0
948 _c04/03/1999
999 _c59965
_d59965